Statistiques concernant Parcs nationaux de France

Cliquez ici pour prendre le quiz!

Statistiques générales

  • Ce quiz a été pris 301 fois
    (250 depuis la dernière actualisation)
  • Le résultat moyen est 4 sur 11

Statistiques - réponses

Date de créationNom du parc% Correct
1979Mercantour
61%
1963Vanoise
55%
1973Écrins
52%
1967Pyrénées
50%
1970Cévennes
45%
2012Calanques
37%
2007Guyane
34%
1989Guadeloupe
33%
2007Réunion
31%
1963Port-Cros
21%
2019Forêts de Champagne et de Bourgogne
20%

Distribution des résultats

Percentile par nombre de réponses

% des personnes avec chaque résultat

Votre développement - résultats

Vous n’avez pas pris ce quiz depuis la dernière actualisation